000 00287nam a22001097a 4500
008 211025b ||||| |||| 00| 0 eng d
050 _a8H0
_b1
245 _aSample Paper and Model Test Paper HINDI
260 _aNew Delhi
_bGoyal Brothers Prakashan
_c2021
300 _a1
942 _2ddc
_cBK
999 _c11848
_d11848